[Event "Prague Summer op-A 5th"]
[Site "Prague"]
[Date "2018.08.09"]
[Round "8"]
[White "Sommerhalder, Eric"]
[Black "Machala, Vladislav"]
[Result "0-1"]
[WhiteElo "2145"]
[BlackElo "2020"]
[PlyCount "72"]
[EventDate "2018.08.03"]
[EventType "swiss"]
[EventRounds "9"]
[EventCountry "CZE"]
[SourceTitle "CBM 185 Extra"]
[Source "ChessBase"]
[SourceDate "2018.07.29"]
[SourceVersion "1"]
[SourceVersionDate "2018.07.29"]
[SourceQuality "1"]

1. e4 e5 2. Nf3 d6 3. d4 Nf6 4. Bc4 Be7 5. Nc3 Nbd7 6. a4 c6 7. 0-0 0-0 8. Re1 a5 9. h3 Qc7 10. Ba2 h6 11. Nh4 Nb8 12. Ng6 Re8 13. Be3 Bd8 14. Qf3 Kh7 15. Nh4 g6 16. g4 Kg7 17. Qg3 Qe7 18. Ng2 g5 19. Qf3 Rh8 20. Ne2 c5 21. dxc5 dxc5 22. Nc3 Nc6 23. Nd5 Nxd5 24. exd5 e4 25. Qe2 Ne5 26. Red1 Nf3+ 27. Kf1 Qd6 28. Qc4 Re8 29. Bxc5 Qh2 30. Bd4+ Nxd4 31. Rxd4 Qh1+ 32. Ke2 Qxg2 33. d6 Be6 34. Qb5 Bf6 35. d7 Red8 36. Rdd1 e3 0-1

[Event "Prague Summer op-A 5th"]
[Site "Prague"]
[Date "2018.08.08"]
[Round "7"]
[White "Hald, Jens Erik Kofoed"]
[Black "Sommerhalder, Eric"]
[Result "1/2-1/2"]
[WhiteElo "1990"]
[BlackElo "2145"]
[PlyCount "91"]
[EventDate "2018.08.03"]
[EventType "swiss"]
[EventRounds "9"]
[EventCountry "CZE"]
[SourceTitle "CBM 185 Extra"]
[Source "ChessBase"]
[SourceDate "2018.07.29"]
[SourceVersion "1"]
[SourceVersionDate "2018.07.29"]
[SourceQuality "1"]

1. Nf3 g6 2. e4 c5 3. c3 d5 4. exd5 Qxd5 5. d4 Nf6 6. Be2 cxd4 7. cxd4 Bg7 8. Nc3 Qa5 9. 0-0 0-0 10. Bf4 Nc6 11. Ne5 Nxe5 12. Bxe5 Be6 13. Bf3 Rad8 14. Re1 Rd7 15. Qe2 Rfd8 16. h3 Qb4 17. d5 Nxd5 18. Bxg7 Nf4 19. Qe4 Qxe4 20. Rxe4 Nxh3+ 21. gxh3 Kxg7 22. h4 Kf8 23. Rd1 Rxd1+ 24. Bxd1 Bxa2 25. Ra4 Be6 26. Rxa7 b5 27. Rb7 Bc4 28. Bf3 Rd2 29. Nxb5 Rxb2 30. Na3 Rxb7 31. Bxb7 Bd3 32. Kg2 Kg7 33. Kf3 Kh6 34. Ke3 Bf1 35. Bf3 g5 36. hxg5+ Kxg5 37. Nb1 f5 38. Nd2 Bb5 39. Bd5 e5 40. Nf3+ Kf6 41. Bb7 Bd7 42. Bd5 Bb5 43. Nd2 h5 44. Kf3 Kg5 45. Kg3 e4 46. Nxe4+ 1/2-1/2

[Event "Prague Summer op-A 5th"]
[Site "Prague"]
[Date "2018.08.04"]
[Round "2"]
[White "Sommerhalder, Eric"]
[Black "Olsarova, Karolina"]
[Result "0-1"]
[WhiteElo "2145"]
[BlackElo "2331"]
[PlyCount "108"]
[EventDate "2018.08.03"]
[EventType "swiss"]
[EventRounds "9"]
[EventCountry "CZE"]
[SourceTitle "CBM 185 Extra"]
[Source "ChessBase"]
[SourceDate "2018.07.29"]
[SourceVersion "1"]
[SourceVersionDate "2018.07.29"]
[SourceQuality "1"]

1. e4 Nf6 2. e5 Nd5 3. d4 d6 4. c4 Nb6 5. exd6 cxd6 6. Nc3 g6 7. Be3 Bg7 8. Rc1 0-0 9. b3 Bf5 10. d5 e5 11. Be2 Nc8 12. Nf3 Bg4 13. Nd2 Bxe2 14. Qxe2 Ne7 15. 0-0 a6 16. b4 Nd7 17. Nde4 Nf5 18. c5 Rc8 19. Nxd6 Nxd6 20. cxd6 f5 21. Na4 Rxc1 22. Rxc1 f4 23. Bd2 Qf6 24. Nc5 Qxd6 25. Nxd7 Qxd7 26. Qc4 Rd8 27. d6+ Kh8 28. Qc7 Qxd6 29. Qxd6 Rxd6 30. Rc8+ Bf8 31. Rxf8+ Kg7 32. Rb8 Rxd2 33. Rxb7+ Kh6 34. Kf1 Rxa2 35. b5 e4 36. Ra7 a5 37. Re7 f3 38. gxf3 exf3 39. b6 Rb2 40. Re3 Rb1+ 41. Re1 Rxb6 42. Ra1 a4 43. Ke1 Ra6 44. Kd2 a3 45. Ke3 a2 46. Kxf3 Kg5 47. Kg3 Ra3+ 48. f3 Kf5 49. Kf2 Kf4 50. Ke2 g5 51. Kf2 Rxf3+ 52. Kg2 Ra3 53. Kf2 h5 54. Ke1 Ke3 0-1

[Event "SUI-ch HT1 118th"]
[Site "Lenzerheide"]
[Date "2018.07.16"]
[Round "5"]
[White "Sommerhalder, Eric"]
[Black "Marty, Fridolin"]
[Result "1-0"]
[WhiteElo "2105"]
[BlackElo "1976"]
[PlyCount "131"]
[EventDate "2018.07.12"]
[EventType "swiss"]
[EventRounds "9"]
[EventCountry "SUI"]
[SourceTitle "EXT 2019"]
[Source "ChessBase"]
[SourceDate "2018.10.10"]
[SourceVersion "1"]
[SourceVersionDate "2018.10.10"]
[SourceQuality "1"]

1. e4 e5 2. d4 exd4 3. Qxd4 Nc6 4. Qe3 Nf6 5. Nc3 Bb4 6. Bd2 0-0 7. 0-0-0 Re8 8. Qg3 Rxe4 9. f4 Re8 10. a3 Bf8 11. Bd3 d5 12. Nh3 d4 13. Ng5 Be6 14. Nce4 Nxe4 15. Bxe4 g6 16. f5 Bd5 17. Qh3 h6 18. fxg6 Rxe4 19. gxf7+ Kh8 20. Nxe4 Bxe4 21. Bxh6 Bh7 22. Rhf1 Qd6 23. Bg5 Bg7 24. Rde1 Qg6 25. Rf5 Ne5 26. Rexe5 Bxe5 27. f8Q+ Rxf8 28. Rxf8+ Kg7 29. Qh6+ Qxh6 30. Bxh6+ Kxh6 31. g3 Bd6 32. Rf2 Kg5 33. Kd2 Be4 34. Re2 Bf5 35. Re8 Kg4 36. Rh8 Kf3 37. Rh5 Ke4 38. Rh4+ Kd5 39. Rh5 Ke4 40. Rh4+ Kd5 41. Kd1 c5 42. g4 Be4 43. Rh5+ Kc6 44. Rh4 Be7 45. Rh6+ Kd5 46. Rh5+ Ke6 47. Kd2 Bg6 48. Rh8 Bg5+ 49. Kd1 Bf6 50. Rc8 Be7 51. h4 Bxh4 52. Rxc5 Be7 53. Ra5 a6 54. b4 Be8 55. Rf5 Bg6 56. Rf3 Kd5 57. Kc1 Ke4 58. Rf1 Bg5+ 59. Kb2 Ke3 60. Rf8 Be4 61. Rf7 Bf3 62. a4 Kf2 63. Rf5 Be7 64. g5 Ke3 65. g6 Ke4 66. Rxf3 1-0

[Event "Oberliga Baden 1516"]
[Site "Baden"]
[Date "2016.02.21"]
[Round "7.7"]
[White "Sommerhalder, Eric"]
[Black "Bauer, Andreas1111"]
[Result "1/2-1/2"]
[WhiteElo "2084"]
[BlackElo "2242"]
[PlyCount "111"]
[EventDate "2015.09.20"]
[EventType "team-tourn"]
[EventRounds "9"]
[EventCountry "GER"]
[SourceTitle "EXT 2018"]
[Source "ChessBase"]
[SourceDate "2017.10.13"]
[SourceVersion "1"]
[SourceVersionDate "2017.10.13"]
[SourceQuality "1"]
[WhiteTeam "Dreisamtal"]
[BlackTeam "Emmendingen"]
[WhiteTeamCountry "GER"]
[BlackTeamCountry "GER"]

1. e4 c5 2. Nf3 Nc6 3. d4 cxd4 4. Nxd4 Nf6 5. Nc3 e5 6. Ndb5 d6 7. Bg5 a6 8. Na3 b5 9. Bxf6 gxf6 10. Nd5 f5 11. Nxb5 axb5 12. Bxb5 Bd7 13. exf5 Nb8 14. a4 Bxb5 15. axb5 Rxa1 16. Qxa1 Bg7 17. 0-0 0-0 18. Qa3 e4 19. f3 Bd4+ 20. Kh1 e3 21. Nxe3 Nd7 22. Rd1 Bxe3 23. Qxe3 Re8 24. Qd4 Qb6 25. Qxb6 Nxb6 26. Kg1 d5 27. Kf2 Ra8 28. Rd3 Ra2 29. Rb3 Kf8 30. f6 Ke8 31. Ke3 Ra4 32. g3 Kd7 33. Ke2 Ke6 34. Rc3 Rc4 35. Kd3 Kd6 36. Rxc4 Nxc4 37. Kd4 Nxb2 38. b6 Kc6 39. b7 Kxb7 40. Kxd5 Kc7 41. g4 Nd1 42. c4 Ne3+ 43. Kd4 Nf1 44. h3 Kd6 45. Kd3 Ke5 46. Ke2 Nh2 47. c5 Kxf6 48. Kf2 Ke5 49. Kg2 Nxg4 50. fxg4 Kd5 51. Kf3 Kxc5 52. Ke4 Kd6 53. Kf5 Ke7 54. Kg5 Kf8 55. Kf6 h6 56. h4 1/2-1/2

[Event "Verbandsliga Sued Baden 1112"]
[Site "Germany"]
[Date "2012.03.25"]
[Round "8.3"]
[White "Sommerhalder, Eric"]
[Black "Goelgeci, Oguz"]
[Result "0-1"]
[WhiteElo "2049"]
[BlackElo "1995"]
[PlyCount "60"]
[EventDate "2011.10.09"]
[EventType "team-tourn"]
[EventRounds "9"]
[EventCountry "GER"]
[SourceTitle "EXT 2013"]
[Source "ChessBase"]
[SourceDate "2012.11.22"]
[SourceVersion "1"]
[SourceVersionDate "2012.11.22"]
[SourceQuality "1"]
[WhiteTeam "Brombach II"]
[BlackTeam "Baden-Baden IV"]
[WhiteTeamCountry "GER"]
[BlackTeamCountry "GER"]

1. e4 e5 2. d4 exd4 3. Qxd4 Nc6 4. Qe3 Nf6 5. Nc3 Bb4 6. Bd2 0-0 7. 0-0-0 Qe7 8. Bd3 Ne5 9. Be2 Ng6 10. f4 Bxc3 11. Bxc3 Qxe4 12. Qc5 Qxf4+ 13. Kb1 Ne4 14. Qd4 Nxc3+ 15. Qxc3 Qe5 16. Qc4 c6 17. Nf3 Qe7 18. Rhe1 d5 19. Qd4 Be6 20. Qf2 Qf6 21. Rf1 a5 22. Qb6 a4 23. a3 Rac8 24. Rd4 c5 25. Rxa4 d4 26. b3 Nf4 27. Nd2 Qe5 28. Bc4 d3 29. Bxe6 Nxe6 30. Re4 Qc3 0-1

[Event "Gibraltar Challengers-B 9th"]
[Site "Caleta"]
[Date "2011.02.01"]
[Round "4"]
[White "Urbina Perez, Juan Antonio"]
[Black "Sommerhalder, Eric"]
[Result "1/2-1/2"]
[WhiteElo "2189"]
[BlackElo "2000"]
[PlyCount "49"]
[EventDate "2011.01.29"]
[EventType "swiss"]
[EventRounds "5"]
[EventCountry "GGB"]
[SourceTitle "CBM 140 Extra"]
[Source "ChessBase"]
[SourceDate "2011.03.01"]
[SourceVersion "1"]
[SourceVersionDate "2011.03.01"]
[SourceQuality "1"]

1. e4 c5 2. Nf3 d6 3. d4 cxd4 4. Nxd4 Nf6 5. Nc3 g6 6. Be3 Bg7 7. f3 0-0 8. Qd2 Nc6 9. g4 Be6 10. 0-0-0 d5 11. Nxe6 fxe6 12. g5 Nh5 13. exd5 exd5 14. Nxd5 e6 15. Nf6+ Nxf6 16. Qxd8 Raxd8 17. Rxd8 Rxd8 18. gxf6 Bxf6 19. c3 a6 20. f4 Ne7 21. Bg2 Nd5 22. Bd2 b5 23. h4 h5 24. Rh3 Kf7 25. Be4 1/2-1/2

[Event "Gibraltar Masters 9th"]
[Site "Caleta"]
[Date "2011.01.31"]
[Round "7"]
[White "Jaunooby, Ali Reza"]
[Black "Sommerhalder, Eric"]
[Result "1-0"]
[WhiteElo "2207"]
[BlackElo "2000"]
[PlyCount "75"]
[EventDate "2011.01.25"]
[EventType "swiss"]
[EventRounds "10"]
[EventCountry "GGB"]
[SourceTitle "CBM 141"]
[Source "ChessBase"]
[SourceDate "2011.03.17"]
[SourceVersion "1"]
[SourceVersionDate "2011.03.17"]
[SourceQuality "1"]

1. d4 d5 2. Nf3 Nf6 3. Bg5 e6 4. e3 c6 5. Nbd2 Nbd7 6. Ne5 Be7 7. f4 Nxe5 8. fxe5 Nd7 9. Bf4 f6 10. Bd3 f5 11. Qe2 Qb6 12. 0-0-0 c5 13. c4 cxd4 14. cxd5 exd5 15. exd4 Qxd4 16. Rhf1 Nc5 17. Bb5+ Bd7 18. e6 Nxe6 19. Bxd7+ Kxd7 20. Qb5+ Kd8 21. Nc4 a6 22. Qa5+ b6 23. Nxb6 Qc5+ 24. Qxc5 Bxc5 25. Nxa8 Nxf4 26. Kb1 Be3 27. g3 Ng6 28. Rxd5+ Kc8 29. Rd3 f4 30. Rb3 Re8 31. Nb6+ Bxb6 32. Rxb6 fxg3 33. hxg3 Re3 34. Rc1+ Kd8 35. Rc3 Re1+ 36. Kc2 a5 37. Rb8+ Ke7 38. Rb7+ 1-0

[Event "Gibraltar Masters 9th"]
[Site "Caleta"]
[Date "2011.01.29"]
[Round "5"]
[White "Sipila, Vilka"]
[Black "Sommerhalder, Eric"]
[Result "1-0"]
[WhiteElo "2269"]
[BlackElo "2000"]
[PlyCount "73"]
[EventDate "2011.01.25"]
[EventType "swiss"]
[EventRounds "10"]
[EventCountry "GGB"]
[SourceTitle "CBM 141"]
[Source "ChessBase"]
[SourceDate "2011.03.17"]
[SourceVersion "1"]
[SourceVersionDate "2011.03.17"]
[SourceQuality "1"]

1. Nh3 e5 2. d4 exd4 3. e3 Bb4+ 4. c3 dxc3 5. Nxc3 Nf6 6. Nf4 0-0 7. a3 Bxc3+ 8. bxc3 d5 9. c4 dxc4 10. Qxd8 Rxd8 11. Bxc4 Nc6 12. Bb2 Nd7 13. Ba2 Nde5 14. f3 Nd3+ 15. Nxd3 Rxd3 16. Ke2 Bf5 17. e4 Rad8 18. Bd5 R3xd5 19. exd5 Rxd5 20. Rhd1 Rxd1 21. Rxd1 f6 22. h4 h6 23. h5 Kf7 24. Bc1 Ne5 25. Rd8 Nc6 26. Ra8 a6 27. Bf4 Nd4+ 28. Kd2 Ne6 29. Bh2 Nd4 30. Rb8 Bd7 31. Rxb7 Nb5 32. a4 Bc6 33. Rb8 Nd4 34. a5 Ne6 35. Bxc7 Ke7 36. Bh2 Nc5 37. Rc8 1-0

[Event "Gibraltar Challengers-B 9th"]
[Site "Caleta"]
[Date "2011.01.29"]
[Round "1"]
[White "Sommerhalder, Eric"]
[Black "Jaunooby, Ali Reza"]
[Result "0-1"]
[WhiteElo "2000"]
[BlackElo "2207"]
[PlyCount "54"]
[EventDate "2011.01.29"]
[EventType "swiss"]
[EventRounds "5"]
[EventCountry "GGB"]
[SourceTitle "CBM 140 Extra"]
[Source "ChessBase"]
[SourceDate "2011.03.01"]
[SourceVersion "1"]
[SourceVersionDate "2011.03.01"]
[SourceQuality "1"]

1. e4 g6 2. d4 Bg7 3. Nc3 d6 4. f4 a6 5. Nf3 b5 6. Bd3 Bb7 7. Be3 Nd7 8. Qd2 Ngf6 9. h3 b4 10. Ne2 Bxe4 11. Ng3 Bxd3 12. Qxd3 Qb8 13. f5 Qb5 14. fxg6 hxg6 15. Qd2 Nb6 16. Bg5 c5 17. dxc5 Nc4 18. Qf4 Nd5 19. Qe4 Qxc5 20. Rd1 Ncb6 21. Nd4 0-0 22. h4 Rac8 23. Ne6 fxe6 24. Qxe6+ Rf7 25. Ne4 Qc4 26. b3 Qb5 27. Qxg6 Nc3 0-1

[Event "Gibraltar Masters 9th"]
[Site "Caleta"]
[Date "2011.01.25"]
[Round "1"]
[White "Illner, Achim"]
[Black "Sommerhalder, Eric"]
[Result "1-0"]
[WhiteElo "2345"]
[BlackElo "2000"]
[PlyCount "69"]
[EventDate "2011.01.25"]
[EventType "swiss"]
[EventRounds "10"]
[EventCountry "GGB"]
[SourceTitle "CBM 141"]
[Source "ChessBase"]
[SourceDate "2011.03.17"]
[SourceVersion "1"]
[SourceVersionDate "2011.03.17"]
[SourceQuality "1"]

1. d4 d5 2. Nf3 Nf6 3. c4 c6 4. Qc2 e6 5. g3 Nbd7 6. Bg2 Bb4+ 7. Bd2 Bd6 8. 0-0 0-0 9. Rd1 Qe7 10. Bf4 e5 11. dxe5 Nxe5 12. cxd5 Nxf3+ 13. Bxf3 Bxf4 14. gxf4 Nxd5 15. Bxd5 cxd5 16. Nc3 Bg4 17. Rxd5 Rfe8 18. Rg5 f5 19. Nd5 Qf7 20. Qc3 Rac8 21. Qd4 Red8 22. e4 h6 23. Rxg4 fxg4 24. Rd1 Kh8 25. f5 Rc2 26. Rd3 h5 27. h3 Rc1+ 28. Kg2 Rd7 29. Qxa7 gxh3+ 30. Rxh3 Rxd5 31. exd5 Qxd5+ 32. Rf3 Rc4 33. Qe3 Rg4+ 34. Kh2 Qd1 35. Qe8+ 1-0

[Event "Basel Hilton op 13th"]
[Site "Basel"]
[Date "2011.01.04"]
[Round "6"]
[White "Sommerhalder, Eric"]
[Black "Meier, Franz"]
[Result "1-0"]
[WhiteElo "2000"]
[BlackElo "2003"]
[PlyCount "75"]
[EventDate "2011.01.01"]
[EventType "swiss"]
[EventRounds "7"]
[EventCountry "SUI"]
[SourceTitle "EXT 2012"]
[Source "ChessBase"]
[SourceDate "2011.11.24"]
[SourceVersion "1"]
[SourceVersionDate "2011.11.24"]
[SourceQuality "1"]

1. e4 d5 2. exd5 Nf6 3. Bb5+ Bd7 4. Bc4 Bg4 5. f3 Bf5 6. g4 Bc8 7. Nc3 Nbd7 8. g5 Nh5 9. d3 Nb6 10. Bb3 g6 11. Nge2 Bg7 12. Ng3 Nxg3 13. hxg3 Bd7 14. Bf4 c6 15. Qd2 cxd5 16. Nxd5 Nxd5 17. Bxd5 Qb6 18. c3 e6 19. Be4 0-0-0 20. Be3 Qa5 21. Kf2 f5 22. gxf6 Bxf6 23. a4 Qc7 24. Ra3 Bc6 25. Bxc6 Qxc6 26. Bxa7 e5 27. Qe3 Rd5 28. c4 Ra5 29. b4 Rxa7 30. Qxa7 Qd7 31. Kg2 e4 32. fxe4 Bd4 33. Qa8+ Kc7 34. Qa5+ Kb8 35. Qd5 Qg7 36. Rf1 Bb6 37. Ra2 Rd8 38. Rf7 1-0

[Event "Stuttgart-chA int"]
[Site "Ditzingen"]
[Date "2010.05.14"]
[Round "4"]
[White "Viehoff, Juergen"]
[Black "Sommerhalder, Eric"]
[Result "1/2-1/2"]
[WhiteElo "1886"]
[BlackElo "1954"]
[PlyCount "57"]
[EventDate "2010.05.13"]
[EventType "swiss"]
[EventRounds "7"]
[EventCountry "GER"]
[SourceTitle "EXT 2018"]
[Source "ChessBase"]
[SourceDate "2017.10.13"]
[SourceVersion "1"]
[SourceVersionDate "2017.10.13"]
[SourceQuality "1"]

1. d4 d5 2. Nf3 Nc6 3. c4 Bg4 4. Nc3 Nf6 5. cxd5 Nxd5 6. e4 Bxf3 7. gxf3 Nxc3 8. bxc3 e5 9. d5 Nb8 10. Bb5+ c6 11. dxc6 Qxd1+ 12. Kxd1 Nxc6 13. Ke2 0-0-0 14. Bxc6 bxc6 15. Be3 Rd7 16. Rhd1 Ba3 17. Rxd7 Kxd7 18. Rd1+ Kc7 19. f4 Bd6 20. c4 exf4 21. Bd4 f6 22. Rg1 g6 23. Bxf6 Rf8 24. e5 Re8 25. Kf3 Bxe5 26. Re1 Kd6 27. Rd1+ Kc5 28. Re1 Kd6 29. Rd1+ 1/2-1/2

[Event "Stuttgart-chA int"]
[Site "Ditzingen"]
[Date "2010.05.13"]
[Round "2"]
[White "Lipecki, Alexander"]
[Black "Sommerhalder, Eric"]
[Result "1-0"]
[WhiteElo "2140"]
[BlackElo "1954"]
[PlyCount "132"]
[EventDate "2010.05.13"]
[EventType "swiss"]
[EventRounds "7"]
[EventCountry "GER"]
[SourceTitle "EXT 2018"]
[Source "ChessBase"]
[SourceDate "2017.10.13"]
[SourceVersion "1"]
[SourceVersionDate "2017.10.13"]
[SourceQuality "1"]

1. e4 Nc6 2. Nf3 Nf6 3. Nc3 d5 4. exd5 Nxd5 5. Bc4 Nxc3 6. bxc3 Bf5 7. Ba3 e5 8. Bxf8 Rxf8 9. Rb1 e4 10. Qe2 Qe7 11. Nd4 Nxd4 12. cxd4 0-0-0 13. Ba6 bxa6 14. Qxa6+ Kd7 15. Qb5+ Ke6 16. Qe5+ Kd7 17. Qxf5+ Qe6 18. Qa5 Qc4 19. Qb5+ Qxb5 20. Rxb5 Kc6 21. Rc5+ Kd6 22. Rc3 Rb8 23. Rb3 Kd5 24. c3 Rxb3 25. axb3 Rb8 26. Ke2 Rxb3 27. Ra1 Rb7 28. Ke3 c6 29. Ra5+ Kc4 30. Rc5+ Kb3 31. Rxc6 a5 32. Ra6 a4 33. c4 a3 34. c5 a2 35. c6 Rb4 36. Kxe4 Ra4 37. Rxa4 Kxa4 38. c7 a1Q 39. c8Q Qe1+ 40. Kf3 Qd1+ 41. Kg3 Qxd2 42. Qc4+ Ka5 43. h4 h6 44. Qd5+ Kb6 45. Qxf7 Qxd4 46. Qf4 Qd7 47. Qe5 Kb7 48. f3 Ka8 49. Kh2 Kb7 50. g4 Qf7 51. Kg3 Kc6 52. Qc3+ Kb7 53. f4 Kb6 54. f5 Qe7 55. Qd4+ Kc6 56. Qd2 Qe5+ 57. Kf3 h5 58. Qc2+ Kd6 59. Qd3+ Kc7 60. gxh5 Qh2 61. Kg4 Kc6 62. h6 Qg2+ 63. Qg3 Qe4+ 64. Qf4 Qg2+ 65. Kh5 Qe2+ 66. Qg4 Qe8+ 1-0

[Event "Gibraltar Masters 8th"]
[Site "Caleta"]
[Date "2010.02.04"]
[Round "10"]
[White "Sommerhalder, Eric"]
[Black "Popa Matei, Viorel Ovidiu"]
[Result "1/2-1/2"]
[WhiteElo "1899"]
[BlackElo "2137"]
[PlyCount "79"]
[EventDate "2010.01.26"]
[EventType "swiss"]
[EventRounds "10"]
[EventCountry "GGB"]
[SourceTitle "CBM 134 Extra"]
[Source "ChessBase"]
[SourceDate "2010.03.03"]
[SourceVersion "1"]
[SourceVersionDate "2010.03.03"]
[SourceQuality "1"]

1. e4 e5 2. Nf3 Nc6 3. Bb5 a6 4. Bxc6 dxc6 5. 0-0 Bg4 6. h3 h5 7. d3 Qf6 8. Nbd2 g5 9. Re1 Bc5 10. Nb3 Bxf3 11. Qxf3 Qxf3 12. gxf3 Be7 13. d4 f6 14. dxe5 fxe5 15. Be3 0-0-0 16. Rad1 Nh6 17. Nc5 Rd6 18. Kf1 Rf8 19. Ke2 Rdf6 20. Nd7 Rxf3 21. Nxf8 Rxf8 22. Rg1 Nf7 23. Rg2 Rg8 24. Rdg1 Kd7 25. f3 Rh8 26. Bxg5 Nxg5 27. Rxg5 Bxg5 28. Rxg5 Kd6 29. Ke3 Rh7 30. f4 exf4+ 31. Kxf4 Rf7+ 32. Rf5 Rg7 33. e5+ Ke7 34. Rg5 Rf7+ 35. Rf5 Rg7 36. Rxh5 Rg2 37. Rh7+ Ke6 38. Rh6+ Ke7 39. Rh7+ Ke6 40. Rh6+ 1/2-1/2

[Event "Gibraltar Challengers-B 8th"]
[Site "Caleta"]
[Date "2010.02.04"]
[Round "5"]
[White "Ungureanu, Sandu"]
[Black "Sommerhalder, Eric"]
[Result "0-1"]
[WhiteElo "2094"]
[BlackElo "1899"]
[PlyCount "160"]
[EventDate "2010.01.31"]
[EventType "swiss"]
[EventRounds "5"]
[EventCountry "GGB"]
[SourceTitle "EXT 2011"]
[Source "ChessBase"]
[SourceDate "2010.11.26"]
[SourceVersion "1"]
[SourceVersionDate "2010.11.26"]
[SourceQuality "1"]

1. e4 c5 2. Nf3 d6 3. d4 cxd4 4. Nxd4 Nf6 5. f3 e5 6. Nb3 Be7 7. c4 a5 8. Be3 a4 9. N3d2 Qa5 10. Na3 Be6 11. Be2 0-0 12. g4 Bd8 13. Nc2 Bb6 14. b4 Qa7 15. Nf1 Nc6 16. Bxb6 Qxb6 17. Qxd6 Rfd8 18. Qc5 Qxc5 19. bxc5 Nd4 20. Nxd4 Rxd4 21. Ne3 Nd7 22. Nc2 Rxc4 23. Bxc4 Bxc4 24. Ne3 Be6 25. Nd5 Nxc5 26. Nc7 Rc8 27. Nxe6 Nxe6 28. Kd2 Nd4 29. Rhc1 Rd8 30. Ke3 b5 31. Rab1 h6 32. Rc7 Rb8 33. Rbc1 Rb6 34. Ra7 Rf6 35. Rf1 Rc6 36. Kd3 Rc2 37. f4 Rxa2 38. fxe5 Nc6 39. Ra8+ Kh7 40. Re8 b4 41. Rxf7 b3 42. Rb7 Rxh2 43. e6 Rh3+ 44. Kd2 Rh2+ 45. Ke3 b2 46. e7 Nxe7 47. Rexe7 Rh3+ 48. Kf4 Rb3 49. Rxg7+ Kh8 50. Rh7+ Kg8 51. Rbg7+ Kf8 52. Ra7 Kg8 53. Rhd7 Rb8 54. Rd1 b1Q 55. Rxb1 Rxb1 56. Rxa4 Rf1+ 57. Ke5 Kg7 58. Ra2 Kg6 59. Rh2 Ra1 60. Kf4 Rf1+ 61. Kg3 Ra1 62. Rh5 Rg1+ 63. Kf4 Rf1+ 64. Ke5 Rg1 65. Rh4 Kg5 66. Rh2 Rxg4 67. Kd5 h5 68. e5 Ra4 69. e6 h4 70. e7 Ra8 71. Ke5 Re8 72. Rg2+ Kh5 73. Rg7 h3 74. Kf5 Kh6 75. Kf6 h2 76. Rg6+ Kh7 77. Rg7+ Kh8 78. Rf7 h1Q 79. Rf8+ Kh7 80. Rxe8 Qc6+ 0-1

[Event "Gibraltar Challengers-B 8th"]
[Site "Caleta"]
[Date "2010.02.02"]
[Round "3"]
[White "Kandic, Milan"]
[Black "Sommerhalder, Eric"]
[Result "1/2-1/2"]
[WhiteElo "2216"]
[BlackElo "1899"]
[PlyCount "91"]
[EventDate "2010.01.31"]
[EventType "swiss"]
[EventRounds "5"]
[EventCountry "GGB"]
[SourceTitle "EXT 2011"]
[Source "ChessBase"]
[SourceDate "2010.11.26"]
[SourceVersion "1"]
[SourceVersionDate "2010.11.26"]
[SourceQuality "1"]

1. e4 c5 2. Nf3 d6 3. d4 cxd4 4. Nxd4 Nf6 5. Nc3 g6 6. Be2 Bg7 7. 0-0 0-0 8. Be3 Nc6 9. h3 d5 10. exd5 Nb4 11. Bf3 Nbxd5 12. Nxd5 Nxd5 13. Bxd5 Qxd5 14. c3 e5 15. Nf3 Qc6 16. Re1 Be6 17. Qe2 Bd5 18. Red1 a6 19. Ne1 Rfd8 20. f3 Bc4 21. Qc2 Be6 22. Rac1 Bf5 23. Qe2 Bf6 24. Qf2 Rxd1 25. Rxd1 Rd8 26. Rxd8+ Bxd8 27. Qd2 Qd7 28. Qxd7 Bxd7 29. Nd3 Bc7 30. Kf2 f5 31. Nc5 Bc6 32. Ne6 Bd6 33. Nd8 Bd5 34. c4 Bxc4 35. Nxb7 Be7 36. b3 Bd5 37. Na5 Kf7 38. Nc4 Ke6 39. Ke2 e4 40. f4 Bxc4+ 41. bxc4 Kd6 42. Kd2 Kc6 43. Kc3 Bc5 44. Bc1 Be7 45. Be3 Bc5 46. Bc1 1/2-1/2